Πολιτικές δια βίου μάθησης στο πλαίσιο της ευρωπαϊκής διακυβέρνησης : η ελληνική περίπτωση

Αποθηκεύτηκε σε:
Λεπτομέρειες βιβλιογραφικής εγγραφής
Κύριος συγγραφέας: Σταμέλος, Γιώργος 1961-
Άλλοι συγγραφείς: Βασιλόπουλος, Ανδρέας Π.
Μορφή: Βιβλίο
Γλώσσα:Greek
Δημοσίευση: Αθήνα : Διόνικος, c2013.
Θέματα:
Ετικέτες: Προσθήκη ετικέτας
Δεν υπάρχουν, Καταχωρήστε ετικέτα πρώτοι!

MARC

LEADER 00000cam a2200000 a 4500
001 1/122448
008 210113t2013####gr | ||| |||| ||gre||
020 |a 9789606619748 
040 |a GR-MyUa  |b gre  |c GR-MyUa  |e AACR2 
041 0 |a gre 
082 7 |a 378.4   |2 (23) 
100 1 |a Σταμέλος, Γιώργος  |d 1961- 
245 1 0 |a Πολιτικές δια βίου μάθησης στο πλαίσιο της ευρωπαϊκής διακυβέρνησης :   |b η ελληνική περίπτωση /   |c Γιώργος Σταμέλος, Ανδρέας Βασιλόπουλος.  
260 |a Αθήνα :   |b Διόνικος,   |c c2013.  
300 |a 317 σ.   |b πίν., γραφήμ. ;   |c 24 εκ.  
500 |a Περιέχει υποσημειώσεις.  
504 |a Βιβλιογραφία: σ. [287]-317.  
504 |a Περιλαμβάνει βιβλιογραφικές παραπομπές.  
650 0 |a Continuing education  |z Greece. 
650 0 |a Continuing education  |x Government policy  |z Greece. 
650 0 |a Continuing education  |z European Union countries. 
650 0 |a Adult education  |z European Union countries. 
650 0 |a Adult education and state  |z European Union countries. 
700 1 |a Βασιλόπουλος, Ανδρέας Π. 
852 |a INST  |b RHODES  |c EUDOXUS  |e 20210113  |h 378.4 ΣΤΑ  |p 005400041755  |q 005400041755  |t EDX  |y 0 
920 |a Εύδοξος  |b Παραγγελία  |y Ρόδος-ΤΕΠΑΕΣ  |z 2021-01 
970 |a Μαρία  |b Κωτάκου  |z 13-01-2021